000 00590nam a2200217Ia 4500
005 20250923145439.0
008 008 250917s9999 xx 000 0 eng d
037 _aTextual
040 _aDSWL
_beng
_cDSWL
041 _aeng
_2eng
084 _aY:45:5:(Z), N65
_qDSWL
100 _aWootton, B.
_9835399
245 0 _aCrime and the Criminal Law
_c by B.Wootton
250 _a1st
260 _aLondon
_bStevens & Sons
_c1963
300 _aviii,118 p.
365 _aINR
_b43.15
925 _g43.15
942 _cTEXL
_hY:45:5:(Z), N65
999 _c1451450
_d1451450